ARRUPE JESUIT UNIVERSITY

CORONAVIRUS -STOP THE SPREAD - CLEAN,DISINFECT,COVER

Anton Chekhov: (Record no. 124462)

MARC details
000 -LEADER
fixed length control field 00448nam a22001337a 4500
008 - FIXED-LENGTH DATA ELEMENTS--GENERAL INFORMATION
fixed length control field 160322b xxu||||| |||| 00| 0 eng d
050 ## - LIBRARY OF CONGRESS CALL NUMBER
Classification number PG3456.A13 L5
245 ## - TITLE STATEMENT
Title Anton Chekhov:
Remainder of title selected works in two volumes
Statement of responsibility, etc / edited by Ivy Litvinov andKathleen Cook.
260 ## - PUBLICATION, DISTRIBUTION, ETC. (IMPRINT)
Place of publication, distribution, etc Moscow
Name of publisher, distributor, etc Raduga Publishers
Date of publication, distribution, etc 1973
300 ## - PHYSICAL DESCRIPTION
Extent vol.2, 254p. ;
Dimensions 21cm.
700 ## - ADDED ENTRY--PERSONAL NAME
Personal name Litvinov, Ivy
Relator term tr.
9 (RLIN) 23284
700 ## - ADDED ENTRY--PERSONAL NAME
Personal name Cook, Kathleen
Relator term tr.
9 (RLIN) 23285
942 ## - ADDED ENTRY ELEMENTS (KOHA)
Source of classification or shelving scheme Library of Congress Classification
Item type Monograph ( Printed materials)
Holdings
Withdrawn status Lost status Source of classification or shelving scheme Damaged status Not for loan Collection code Home library Current library Shelving location Date acquired Total Checkouts Full call number Barcode Date last seen Price effective from Koha item type
    Library of Congress Classification     Main Collection ARRUPE LIBRARY ARRUPE LIBRARY Main Collection 22/03/2016   PG3456.A13 L5 46500007062 04/04/2019 22/03/2016 Monograph ( Printed materials)

 

Arrupe Library. PO Box MP320 Mt Pleasant, Harare, Zimbabwe
263 242 745411|librarian@aju.ac.zw